Contract Journal (Record no. 118666)
[ view plain ]
| 000 -LEADER | |
|---|---|
| fixed length control field | 00745cas a22002535a 4500 |
| 001 - CONTROL NUMBER | |
| control field | ##L99121 |
| 008 - FIXED-LENGTH DATA ELEMENTS--GENERAL INFORMATION | |
| fixed length control field | 070613c1879 xxkwr p 0 a0eng |
| 022 1# - INTERNATIONAL STANDARD SERIAL NUMBER | |
| International Standard Serial Number | 0010-7859 |
| 035 ## - SYSTEM CONTROL NUMBER | |
| System control number | (Sirsi) u99121 |
| 041 0# - LANGUAGE CODE | |
| Language code of text/sound track or separate title | eng |
| 245 00 - TITLE STATEMENT | |
| Title | Contract Journal |
| 260 ## - PUBLICATION, DISTRIBUTION, ETC. | |
| Place of publication, distribution, etc. | Sutton |
| Name of publisher, distributor, etc. | Reed Business Information |
| Date of publication, distribution, etc. | 1879- |
| 362 0# - DATES OF PUBLICATION AND/OR SEQUENTIAL DESIGNATION | |
| Dates of publication and/or sequential designation | 21 April 1970- |
| 510 2# - CITATION/REFERENCES NOTE | |
| Name of source | Knowledge Alert |
| Location within source | 2006- |
| 520 ## - SUMMARY, ETC. | |
| Summary, etc. | Kept for one year |
| 651 #4 - SUBJECT ADDED ENTRY--GEOGRAPHIC NAME | |
| Geographic name | United Kingdom |
| 690 ## - LOCAL SUBJECT ADDED ENTRY--TOPICAL TERM (OCLC, RLIN) | |
| Topical term or geographic name as entry element | BUILT ENVIRONMENT |
| 780 00 - PRECEDING ENTRY | |
| Title | Construction Weekly |
| 780 00 - PRECEDING ENTRY | |
| Title | Building Industry News |
| 780 00 - PRECEDING ENTRY | |
| Title | British Constructional Engineer |
| 856 41 - ELECTRONIC LOCATION AND ACCESS | |
| Uniform Resource Identifier | <a href="https://www.contractjournal.co.uk/">https://www.contractjournal.co.uk/</a> |
| Public note | Available free at https://www.contractjournal.co.uk/ |
| 942 ## - ADDED ENTRY ELEMENTS (KOHA) | |
| Suppress in OPAC | 0 |
| Source of classification or shelving scheme | Dewey Decimal Classification |
| 948 ## - LOCAL PROCESSING INFORMATION (OCLC); SERIES PART DESIGNATOR (RLIN) | |
| c (OCLC) | 18/02/1994 |
| Withdrawn status | Lost status | Source of classification or shelving scheme | Damaged status | Not for loan | Home library | Current library | Shelving location | Date acquired | Total Checkouts | Full call number | Barcode | Date last seen | Price effective from | Koha item type |
|---|---|---|---|---|---|---|---|---|---|---|---|---|---|---|
| Dewey Decimal Classification | Virtual | Virtual | Online | 05/07/2007 | ONLINE PUBLICATION | 99121-3001 | 06/08/2019 | 06/08/2019 | Journal |